Holnap felavatják Tömörkény mellszobrát
Elmentve itt :
| Dokumentumtípus: | Cikk |
|---|---|
| Megjelent: |
1976-09-25
|
| Sorozat: | Délmagyarország
66 No. 227 |
| Kulcsszavak: | Tömörkény István, szobrászat |
| Online Access: | http://dmarchiv.bibl.u-szeged.hu/101031 |
| LEADER | 00434nab a2200145 i 4500 | ||
|---|---|---|---|
| 001 | delm101031 | ||
| 005 | 20190503093517.0 | ||
| 008 | 190503s1976 hu o 0|| hun d | ||
| 040 | |a SZTE Délmagyarország Archívum |b hun | ||
| 041 | |a hun | ||
| 245 | 0 | 0 | |a Holnap felavatják Tömörkény mellszobrát |h [elektronikus dokumentum] |
| 260 | |c 1976-09-25 | ||
| 300 | |a 8 | ||
| 490 | 0 | |a Délmagyarország |v 66 No. 227 | |
| 695 | |a Tömörkény István, szobrászat | ||